駅名に「梅」を含む駅 - Statistics

General Stats
  • This quiz has been taken 87 times
  • The average score is 12 of 28
Answer Stats
Hint Answer % Correct
大阪市 梅田
89%
青梅市 青梅
85%
大阪市 大阪梅田
85%
大阪市 西梅田
85%
青梅市 東青梅
79%
大阪市 東梅田
79%
世田谷区 梅ヶ丘
64%
大田区 梅屋敷
62%
生駒市 梅屋敷
62%
足立区 梅島
61%
小平市 青梅街道
48%
広島市 梅林
48%
福岡市 梅林
48%
豊田市 梅坪
47%
京都市 梅小路京都西
45%
豊田市 愛環梅坪
35%
野田市 梅郷
30%
下関市 梅ケ峠
27%
京都市 北野白梅町
26%
登米市 梅ケ沢
23%
綾部市 梅迫
23%
美濃市 梅山
21%
松山市 梅津寺
18%
大紀町 梅ケ谷
17%
みどり市 上神梅
12%
松山市 梅本
12%
いなべ市 梅戸井
9%
高知市 梅の辻
6%
No matching quizzes found
Score Distribution
Percent of People with Each Score
Percentile by Number Answered
Your Score History
You have not taken this quiz